000 00277nam a2200085Ia 4500
245 0 _aJane Goodall : primatologist and animal activist
100 _a Jankowski, Connie Mankato, MN, 2009 1st hardcover ed
_981633
942 _cBK
008 210819s9999 xx 000 0 und d
999 _c291713
_d291712